A first course in stochastic processes
Αποθηκεύτηκε σε:
| Κύριος συγγραφέας: | |
|---|---|
| Άλλοι συγγραφείς: | |
| Μορφή: | Βιβλίο |
| Γλώσσα: | English |
| Δημοσίευση: |
San Diego :
Academic Press,
c1975
|
| Έκδοση: | 2nd ed. |
| Θέματα: | |
| Ετικέτες: |
Προσθήκη ετικέτας
Δεν υπάρχουν, Καταχωρήστε ετικέτα πρώτοι!
|
MARC
| LEADER | 00000nam a2200000 i 4500 | ||
|---|---|---|---|
| 001 | 1/15464 | ||
| 008 | 010120s1975 eng d | ||
| 020 | |a 978-0-12-398552-1 | ||
| 020 | |a 0-12-398552-8 | ||
| 035 | |l 10065417 | ||
| 040 | |a GR-MY-UA |b gre |e aacr | ||
| 041 | 0 | |a eng | |
| 082 | 0 | |a 519.2 |2 (22) | |
| 100 | 1 | |a Karlin, Samuel |d 1923- | |
| 245 | 1 | 2 | |a A first course in stochastic processes / |c Samuel Karlin, Howard M. Taylor |
| 250 | |a 2nd ed. | ||
| 260 | |a San Diego : |b Academic Press, |c c1975 | ||
| 300 | |a xvi, 557 σ.; |b εικ.; |c 24 εκ. | ||
| 504 | |a Περιέχει βιβλιογραφικές παραπομπές και ευρετήριο | ||
| 650 | 0 | 0 | |a Stochastic processes. |
| 700 | 1 | |a Taylor, Howard M. | |
| 852 | |a INST |b LESVOS |e 20090327 |h 519.2 KAR |p 005100044659 |q 005100044659 |t BK |y 0 | ||
| 852 | |a INST |b SAMOS |e 20010120 |h 519.2 KAR |p 005300018195 |q 005300018195 |t BK |y 0 | ||
| 852 | |a INST |b SAMOS |e 20010203 |h 519.2 KAR |p 005300022086 |q 005300022086 |t BK |y 23 | ||
| 852 | |a INST |b SAMOS |e 20010203 |h 519.2 KAR |p 005300022087 |q 005300022087 |t BK |y 0 | ||
| 852 | |a INST |b SAMOS |e 20010203 |h 519.2 KAR |p 005300022088 |q 005300022088 |t BK |y 0 | ||
| 852 | |a INST |b SAMOS |e 20010120 |h 519.2 KAR |p 005300022460 |q 005300022460 |t BK |y 0 | ||
| 901 | |a BIBL3-2001-1 | ||
| 901 | |a BIBL1-2009-1 | ||
| 909 | |a Σ |b 081856 | ||
| 909 | |a Σ |b 081855 | ||
| 909 | |a Σ |b 081427 | ||
| 909 | |a Σ |b 081509 | ||
| 909 | |a Σ |b 081854 | ||
| 909 | |a Λ |b 153919 | ||
| 922 | |a 3ΕΛΗ |b 200010 |c ΤΣΑΕ |d ΠΑΠΑΣΩΤΗΡΙΟΥ | ||
| 922 | |a 1ΕΛΗ |b 200809 |c ΕΠΕΑΕΚ2/ΤΓ |d ΜΙΧΑΛΟΠΟΥΛΟΣ | ||
| 970 | |a ΠΟΥΡΝΑΡΑΣ |b ΔΗΜΗΤΡΗΣ |z 2001/01/20 | ||